| 000 | 00314cam a2200121ua 4500 | ||
|---|---|---|---|
| 999 |
_c7430 _d7430 |
||
| 082 |
_a631.586 _bGUP/PH |
||
| 100 |
_aGupta, V S . _92074 |
||
| 245 | _aPhysiological aspects of dryland farming | ||
| 250 | _a1 / | ||
| 260 |
_aNew Delhi : _bOxford & IBH Publishing company , _c1984. |
||
| 300 | _a391 ; . | ||
| 942 | _cBK | ||